Cargando…

David O. McKay and the Rise of Modern Mormonism /

"Ordained as an apostle in 1906, David O. McKay served as president of The Church of Jesus Christ of Latter-day Saints from 1951 until his death in 1970. Under his leadership, the church experienced unparalleled growth, nearly tripling in total membership and becoming a significant presence thr...

Descripción completa

Detalles Bibliográficos
Autor principal: Prince, Gregory A., 1948-
Otros Autores: Wright, Wm. Robert (William Robert), 1935-
Formato: Electrónico eBook
Idioma:Inglés
Publicado: Salt Lake City, Utah : University of Utah Press, 2005.
Colección:Book collections on Project MUSE.
Temas:
Acceso en línea:Texto completo

MARC

LEADER 00000cam a22000004a 4500
001 musev2_41383
003 MdBmJHUP
005 20230905044334.0
006 m o d
007 cr||||||||nn|n
008 170705s2005 utu o 00 0 eng d
020 |a 9781607813965 
020 |z 9780874808223 
035 |a (OCoLC)927384633 
040 |a MdBmJHUP  |c MdBmJHUP 
100 1 |a Prince, Gregory A.,  |d 1948- 
245 1 0 |a David O. McKay and the Rise of Modern Mormonism /   |c by Gregory A. Prince and Wm. Robert Wright. 
264 1 |a Salt Lake City, Utah :  |b University of Utah Press,  |c 2005. 
264 3 |a Baltimore, Md. :  |b Project MUSE,   |c 2016 
264 4 |c ©2005. 
300 |a 1 online resource (544 pages):   |b illustrations (some color) 
336 |a text  |b txt  |2 rdacontent 
337 |a computer  |b c  |2 rdamedia 
338 |a online resource  |b cr  |2 rdacarrier 
505 0 |a Prophet and man -- Revelation and prophecy -- Free agency and tolerance -- Blacks, civil rights, and the priesthood -- Ecumenical outreach -- Radio and television broadcasting -- Correlation and church administration -- The education program -- The building program -- The missionary program -- Temple building -- Confrontation with communism -- Politics and the church -- An international church -- Final years -- Epilogue. 
520 1 |a "Ordained as an apostle in 1906, David O. McKay served as president of The Church of Jesus Christ of Latter-day Saints from 1951 until his death in 1970. Under his leadership, the church experienced unparalleled growth, nearly tripling in total membership and becoming a significant presence throughout the world." "The first book to draw upon the David O. McKay Papers at the J. Willard Marriott Library at the University of Utah - in addition to some two hundred interviews conducted by the authors - David O. McKay and the Rise of Modern Mormonism focuses primarily on the years of McKay's presidency."--Jacket 
588 |a Description based on print version record. 
600 1 7 |a McKay, David Oman.  |2 swd 
600 1 7 |a McKay, David O.  |q (David Oman),  |d 1873-1970  |2 fast  |0 (OCoLC)fst01427193 
600 1 0 |a McKay, David O.  |q (David Oman),  |d 1873-1970. 
610 2 7 |a Mormonen  |2 gnd 
610 2 7 |a Church of Jesus Christ of Latter-day Saints.  |2 fast  |0 (OCoLC)fst00549691 
610 2 0 |a Church of Jesus Christ of Latter-day Saints  |x History  |y 20th century. 
650 1 7 |a Mormonen.  |2 gtt 
650 7 |a RELIGION  |x Christianity  |x Denominations.  |2 bisacsh 
655 7 |a History.  |2 fast  |0 (OCoLC)fst01411628 
655 7 |a Electronic books.   |2 local 
700 1 |a Wright, Wm. Robert  |q (William Robert),  |d 1935- 
710 2 |a Project Muse.  |e distributor 
830 0 |a Book collections on Project MUSE. 
856 4 0 |z Texto completo  |u https://projectmuse.uam.elogim.com/book/41383/ 
945 |a Project MUSE - Custom Collection 
945 |a Project MUSE - Archive Complete Supplement IV 
945 |a Project MUSE - Archive Philosophy and Religion Supplement IV